Paroles - Ensemble - Aliocha Schneider - Statistiques

Statistiques générales
  • Ce quiz a été pris 200 fois
  • Le résultat moyen est 159 sur 187
Statistiques - réponses
Réponse % Correct
ensemble
100%
est
100%
Qu'
100%
que
99%
ça
98%
de
98%
dire
98%
on
98%
pas
98%
veut
98%
Si
97%
d'être
96%
n'est
95%
est-ce
93%
Est-ce
93%
Et
91%
Te
89%
te
89%
me
87%
Je
86%
suffit
85%
le
84%
les
84%
Les
84%
Tu
84%
tu
84%
partir
83%
voudrais
82%
belles
81%
filles
81%
manques
81%
sont
81%
La
80%
la
80%
maintenant
80%
nos
80%
retrouver
80%
souvenirs
80%
tellement
80%
s'attendre
75%
cruel
71%
rassembler
69%
L'été
64%
Mais
64%
courte
62%
nuit
61%
mémoire
60%
nouvelle
51%
longue
48%
se
48%
histoire
45%
rappelle
45%
Notre
44%
rappelles
33%
corps
17%
idées
12%
troubles
6%
Aucun quiz correspondant
Distribution des résultats
% des personnes avec chaque résultat
Percentile par nombre de réponses
Votre historique - résultats
Vous n’avez pas pris ce quiz